| 000 | 00485nam a2200145Ia 4500 | ||
|---|---|---|---|
| 008 | 220216s9999 xx 000 0 und d | ||
| 100 | _aEndo Kiyoshi | ||
| 245 | 0 | _aSimultaneous control of 1,4-cis selectivity and molecular weight of polymer in polymerization of butadiene with Co(acac)3/MAO catalyst | |
| 260 |
_bRubber Chemistry and Technology _c2005 |
||
| 300 | _a143-154 | ||
| 650 | _aMolecular weight | ||
| 650 | _aPolymerization | ||
| 700 | _aHatakeyama Naoyoshi | ||
| 942 | _cJS | ||
| 999 |
_c68733 _d68733 |
||